[Event "Barcelona La Lira op 29th"]
[Site "Barcelona"]
[Date "2011.02.18"]
[Round "6"]
[White "Severri Arrese, Carlos"]
[Black "Gimeno Chicharro, Alejandro"]
[Result "0-1"]
[WhiteElo "2013"]
[BlackElo "1830"]
[PlyCount "50"]
[EventDate "2011.01.14"]
[EventType "swiss"]
[EventRounds "7"]
[EventCountry "ESP"]
[SourceTitle "EXT 2012"]
[Source "ChessBase"]
[SourceDate "2011.11.24"]
[SourceVersion "1"]
[SourceVersionDate "2011.11.24"]
[SourceQuality "1"]

1. e4 d6 2. g3 g6 3. Bg2 Bg7 4. d4 c6 5. c3 Nf6 6. Ne2 Nbd7 7. f4 d5 8. e5 Ne4 9. Bxe4 dxe4 10. Nd2 f5 11. exf6 Nxf6 12. Qc2 Bf5 13. Nc4 e3 14. Qd1 Qd5 15. 0-0 Qxc4 16. Rf3 Bg4 17. b3 Qd5 18. Rxe3 Bh3 19. Kf2 Ng4+ 20. Ke1 Nxe3 21. Bxe3 Bg4 22. Kd2 Qf3 23. Qe1 Qxe2+ 24. Qxe2 Bxe2 25. Kxe2 0-0-0 0-1

[Event "Barcelona La Lira op 29th"]
[Site "Barcelona"]
[Date "2011.02.11"]
[Round "5"]
[White "Gimeno Chicharro, Alejandro"]
[Black "Serrano Pertinez, Miquel"]
[Result "1/2-1/2"]
[WhiteElo "1830"]
[BlackElo "2123"]
[PlyCount "82"]
[EventDate "2011.01.14"]
[EventType "swiss"]
[EventRounds "7"]
[EventCountry "ESP"]
[SourceTitle "EXT 2012"]
[Source "ChessBase"]
[SourceDate "2011.11.24"]
[SourceVersion "1"]
[SourceVersionDate "2011.11.24"]
[SourceQuality "1"]

1. e4 c5 2. Nf3 e6 3. c3 Nf6 4. e5 Nd5 5. d4 cxd4 6. cxd4 b6 7. Bd3 Ba6 8. 0-0 Be7 9. Nc3 Bxd3 10. Qxd3 Nxc3 11. bxc3 0-0 12. a4 Nc6 13. d5 exd5 14. Qxd5 Rc8 15. Rd1 Qc7 16. Bf4 Rfd8 17. g3 Na5 18. Bg5 Bxg5 19. Nxg5 Qc4 20. Qf3 Nb3 21. Rab1 h6 22. Qxf7+ Qxf7 23. Nxf7 Kxf7 24. Rxb3 Ke6 25. f4 Rc4 26. Ra3 g5 27. Rd6+ Kf5 28. Rxh6 gxf4 29. Rh5+ Ke4 30. gxf4 Rg8+ 31. Kf2 Rg4 32. Rh7 Rxf4+ 33. Ke2 Kxe5 34. Rxd7 Rce4+ 35. Kd3 Rf3+ 36. Kc2 a5 37. Rb7 Re2+ 38. Kb3 Rxh2 39. Rxb6 Rhh3 40. Rb5+ Kd6 41. Kc2 Rh2+ 1/2-1/2